000 00905nam a2200265 i 4500
001 171218
003 ES-MaACL
005 20230906214552.0
008 090505s1999 fr |||| | fre d
020 _a2-07-032695-0
080 _a929 Hassan(64)II
080 _a32(64)"1952..."
100 0 _aPerrault, Gilles.
_991334
245 1 0 _aNotre ami le roi /
_cGilles Perrault ; en équipe avec Christine Daure-Jouvin.
250 _aNouv. éd. revue et augm.
260 _a[Paris] :
_bGallimard,
_c1999.
300 _a378 p. ;
_c18 cm.
490 1 _aFolio actuel ;
_v40
600 0 4 _aHassan
_bII
_cRey de Marruecos.
_962048
651 4 _aMarruecos-
_xPolítica y gobierno-
_y1961-1999.
_99032
700 1 _aDaure-Serfaty, Christine.
_9140030
830 0 _aFolio actuel ;
_v40
_9223159
852 4 _aES-MaACL
_jE-12624
_9R.140193
_z. - Biblioteca Jacinto Martínez Lacalle
999 _c171218
_d171218